[Event "Moscow op-A 04th"]
[Site "Moscow"]
[Date "2008.02.08"]
[Round "7"]
[White "Lyaskovsky, Viktor"]
[Black "Pustov, Pavel"]
[Result "1/2-1/2"]
[WhiteElo "2326"]
[BlackElo "2413"]
[PlyCount "42"]
[EventDate "2008.02.02"]
[EventType "swiss"]
[EventRounds "9"]
[EventCountry "RUS"]
[SourceTitle "CBM 122 Extra"]
[Source "ChessBase"]
[SourceDate "2008.03.04"]
[SourceVersion "1"]
[SourceVersionDate "2008.03.04"]
[SourceQuality "1"]

1. e4 d6 2. d4 Nf6 3. Nc3 c6 4. f4 Qa5 5. Bd3 e5 6. Nf3 Bg4 7. fxe5 dxe5 8. dxe5 Nfd7 9. Bf4 Nxe5 10. Bxe5 Bxf3 11. Qxf3 Qxe5 12. Bc4 f6 13. Rd1 Nd7 14. Bf7+ Kxf7 15. Rxd7+ Be7 16. 0-0 b5 17. Qf5 Qxf5 18. exf5 Rhd8 19. Rfd1 Rxd7 20. Rxd7 Rd8 21. Rxd8 Bxd8 1/2-1/2

[Event "Moscow op-A 04th"]
[Site "Moscow"]
[Date "2008.02.06"]
[Round "5"]
[White "Demidov, Mikhail"]
[Black "Pustov, Pavel"]
[Result "1/2-1/2"]
[WhiteElo "2289"]
[BlackElo "2413"]
[PlyCount "84"]
[EventDate "2008.02.02"]
[EventType "swiss"]
[EventRounds "9"]
[EventCountry "RUS"]
[SourceTitle "CBM 122 Extra"]
[Source "ChessBase"]
[SourceDate "2008.03.04"]
[SourceVersion "1"]
[SourceVersionDate "2008.03.04"]
[SourceQuality "1"]

1. d4 c5 2. d5 Nf6 3. Nf3 g6 4. g3 Bg7 5. Bg2 0-0 6. 0-0 d6 7. Nc3 Na6 8. Nd2 Nc7 9. a4 b6 10. e4 Ba6 11. Re1 Rb8 12. Nf1 Bxf1 13. Bxf1 a6 14. Be3 b5 15. Bg2 b4 16. Nb1 Nd7 17. Ra2 a5 18. Nd2 Nb6 19. Qe2 Qd7 20. Rc1 e6 21. Qd3 exd5 22. exd5 f5 23. c4 Nxa4 24. Qc2 Nxb2 25. Rxb2 a4 26. Rbb1 b3 27. Nxb3 axb3 28. Rxb3 Na6 29. Rxb8 Rxb8 30. Rb1 Nb4 31. Qd1 Be5 32. h3 Ra8 33. Bd2 Ra2 34. Be3 Qc8 35. Kh1 Qa6 36. f4 Bf6 37. Qf1 Qa3 38. Bf2 Qc3 39. Qe1 Qc2 40. Qe8+ Kg7 41. Re1 Qxf2 42. Re7+ Bxe7 1/2-1/2

[Event "Moscow op-A 04th"]
[Site "Moscow"]
[Date "2008.02.03"]
[Round "2"]
[White "Pustov, Pavel"]
[Black "Evdokimov, Alexander A"]
[Result "1-0"]
[WhiteElo "2413"]
[BlackElo "2569"]
[PlyCount "71"]
[EventDate "2008.02.02"]
[EventType "swiss"]
[EventRounds "9"]
[EventCountry "RUS"]
[SourceTitle "CBM 122 Extra"]
[Source "ChessBase"]
[SourceDate "2008.03.04"]
[SourceVersion "1"]
[SourceVersionDate "2008.03.04"]
[SourceQuality "1"]

1. d4 Nf6 2. Nf3 g6 3. Bg5 Bg7 4. Nbd2 0-0 5. e4 d6 6. c3 h6 7. Bh4 Nh5 8. Bc4 c6 9. 0-0 Nd7 10. Re1 b5 11. Bf1 g5 12. Nxg5 hxg5 13. Bxg5 Nhf6 14. f4 e5 15. dxe5 Qb6+ 16. Kh1 dxe5 17. f5 Bb7 18. g4 Rfd8 19. Be3 c5 20. Bg2 Qc6 21. g5 Nh7 22. Qg4 c4 23. Nf1 Nc5 24. Ng3 Rd3 25. Bxc5 Qxc5 26. f6 Bf8 27. Nf5 Kh8 28. Qh5 Qf2 29. Rf1 Qd2 30. Qxf7 Qxg5 31. Qxb7 Rad8 32. Qxb5 Rd2 33. Ng3 Rc2 34. Rf5 Qg6 35. Qb7 Bd6 36. Qd5 1-0

[Event "Riazan op"]
[Site "Riazan"]
[Date "2007.08.??"]
[Round "?"]
[White "Pustov, Pavel"]
[Black "Darmin, Dmitry"]
[Result "1-0"]
[WhiteElo "2410"]
[BlackElo "2284"]
[PlyCount "55"]
[EventDate "2007.08.??"]
[EventType "swiss"]
[EventRounds "9"]
[EventCountry "RUS"]
[SourceTitle "EXT 2009"]
[Source "ChessBase"]
[SourceDate "2008.11.26"]
[SourceVersion "1"]
[SourceVersionDate "2008.11.26"]
[SourceQuality "1"]

1. Nf3 Nf6 2. c4 e6 3. g3 d5 4. Bg2 Nbd7 5. Qc2 c5 6. 0-0 Be7 7. d3 d4 8. e4 dxe3 9. Bxe3 0-0 10. Nc3 a6 11. Rad1 Qc7 12. Qe2 b6 13. Bf4 Qa7 14. d4 cxd4 15. Nxd4 Bb7 16. Nc6 Bxc6 17. Bxc6 Rac8 18. Bg2 Rfd8 19. a3 e5 20. Be3 Qc7 21. Nd5 Nxd5 22. cxd5 a5 23. Rc1 Qd6 24. Rc6 Qb8 25. Rfc1 Nc5 26. b4 axb4 27. axb4 Nb3 28. R1c3 1-0

[Event "Moscow-ch op sf"]
[Site "Moscow"]
[Date "2007.03.07"]
[Round "2"]
[White "Pasalic, Harun"]
[Black "Pustov, Pavel"]
[Result "0-1"]
[WhiteElo "2197"]
[BlackElo "2407"]
[PlyCount "33"]
[EventDate "2007.03.05"]
[EventType "swiss"]
[EventRounds "9"]
[EventCountry "RUS"]
[SourceTitle "EXT 2022"]
[Source "ChessBase"]
[SourceDate "2021.10.06"]
[SourceVersion "1"]
[SourceVersionDate "2021.10.06"]
[SourceQuality "1"]

1. e4 e5 2. Nf3 Nc6 3. Bc4 Nf6 4. Ng5 d5 5. exd5 Nd4 6. c3 b5 7. Bf1 Nxd5 8. cxd4 Qxg5 9. Bxb5+ Kd8 10. Qf3 Bb7 11. 0-0 Rb8 12. dxe5 Ne3 13. Qh3 Qxg2+ 14. Qxg2 Nxg2 15. d4 Bf3 16. Nc3 Nh4 17. Be2 0-1

[Event "Moscow op 03rd"]
[Site "Moscow"]
[Date "2007.02.03"]
[Round "8"]
[White "Maiorov, Nikita"]
[Black "Pustov, Pavel"]
[Result "1/2-1/2"]
[WhiteElo "2516"]
[BlackElo "2407"]
[PlyCount "54"]
[EventDate "2007.01.27"]
[EventType "swiss"]
[EventRounds "9"]
[EventCountry "RUS"]
[SourceTitle "CBM 116 Extra"]
[Source "ChessBase"]
[SourceDate "2007.03.07"]
[SourceVersion "1"]
[SourceVersionDate "2007.03.07"]
[SourceQuality "1"]

1. d4 Nf6 2. c4 g6 3. Nf3 Bg7 4. g3 0-0 5. Bg2 d6 6. 0-0 Nc6 7. Nc3 a6 8. e4 Bg4 9. h3 Bxf3 10. Bxf3 e5 11. d5 Nd4 12. Bg2 c5 13. dxc6 bxc6 14. b4 a5 15. b5 cxb5 16. cxb5 Rc8 17. Bd2 Rc4 18. a4 Qc7 19. Rc1 Rc8 20. Re1 h5 21. h4 Qb6 22. Ne2 Ng4 23. Rf1 Nxf2 24. Rxf2 Nxe2+ 25. Qxe2 Rxc1+ 26. Bxc1 Rxc1+ 27. Kh2 Bh6 1/2-1/2

[Event "Moscow op 03rd"]
[Site "Moscow"]
[Date "2007.02.01"]
[Round "6"]
[White "Ionov, Sergey"]
[Black "Pustov, Pavel"]
[Result "1-0"]
[WhiteElo "2522"]
[BlackElo "2407"]
[PlyCount "113"]
[EventDate "2007.01.27"]
[EventType "swiss"]
[EventRounds "9"]
[EventCountry "RUS"]
[SourceTitle "CBM 116 Extra"]
[Source "ChessBase"]
[SourceDate "2007.03.07"]
[SourceVersion "1"]
[SourceVersionDate "2007.03.07"]
[SourceQuality "1"]

1. Nf3 Nf6 2. c4 c6 3. Nc3 d5 4. d4 dxc4 5. a4 Bf5 6. e3 e6 7. Bxc4 Bb4 8. 0-0 Nbd7 9. Nh4 0-0 10. f3 Bg6 11. Nxg6 hxg6 12. e4 e5 13. Be3 Qb6 14. Kh1 Rad8 15. Ne2 exd4 16. Bxd4 Qc7 17. Qc2 Rde8 18. Rad1 Re7 19. Ba2 Rd8 20. Be3 Nf8 21. g3 a5 22. Kg2 Rxd1 23. Rxd1 Rd7 24. Nc1 Rxd1 25. Qxd1 Qe7 26. Nd3 N6d7 27. Nxb4 Qxb4 28. Qc2 Qe1 29. Bf2 Qb4 30. Qc4 Qxc4 31. Bxc4 Ne6 32. b3 Kf8 33. f4 Ke7 34. Kf3 Nec5 35. Bd4 f6 36. Ke3 b5 37. axb5 cxb5 38. Bd5 b4 39. Bxc5+ Nxc5 40. Kd4 a4 41. bxa4 Nxa4 42. Kc4 Nc3 43. Kxb4 Nd1 44. Kc5 Ne3 45. Kd4 Ng4 46. h3 Nf2 47. Ke3 Nxh3 48. Bc4 g5 49. Bf1 gxf4+ 50. gxf4 Nxf4 51. Kxf4 g6 52. Bc4 Kf8 53. Ke3 Ke7 54. Kd4 f5 55. e5 g5 56. Kd5 f4 57. Be2 1-0

[Event "Moscow op 03rd"]
[Site "Moscow"]
[Date "2007.01.31"]
[Round "5"]
[White "Pustov, Pavel"]
[Black "Kornev, Alexei"]
[Result "1/2-1/2"]
[WhiteElo "2407"]
[BlackElo "2582"]
[PlyCount "42"]
[EventDate "2007.01.27"]
[EventType "swiss"]
[EventRounds "9"]
[EventCountry "RUS"]
[SourceTitle "CBM 116 Extra"]
[Source "ChessBase"]
[SourceDate "2007.03.07"]
[SourceVersion "1"]
[SourceVersionDate "2007.03.07"]
[SourceQuality "1"]

1. Nf3 Nf6 2. d4 g6 3. Bg5 Bg7 4. Nbd2 c5 5. Bxf6 Bxf6 6. Ne4 Bxd4 7. Nxd4 cxd4 8. Qxd4 0-0 9. 0-0-0 Qa5 10. Nc3 Nc6 11. Qd2 b5 12. Kb1 b4 13. Nd5 e6 14. Ne3 d5 15. h4 f5 16. h5 Ba6 17. hxg6 hxg6 18. Ng4 fxg4 19. Rh8+ Kxh8 20. Qh6+ Kg8 21. Qxg6+ Kh8 1/2-1/2

[Event "Moscow op 03rd"]
[Site "Moscow"]
[Date "2007.01.28"]
[Round "2"]
[White "Chernyshov, Konstantin"]
[Black "Pustov, Pavel"]
[Result "1-0"]
[WhiteElo "2556"]
[BlackElo "2407"]
[PlyCount "73"]
[EventDate "2007.01.27"]
[EventType "swiss"]
[EventRounds "9"]
[EventCountry "RUS"]
[SourceTitle "CBM 116 Extra"]
[Source "ChessBase"]
[SourceDate "2007.03.07"]
[SourceVersion "1"]
[SourceVersionDate "2007.03.07"]
[SourceQuality "1"]

1. d4 d5 2. Bf4 Nf6 3. e3 g6 4. c4 Bg7 5. Nc3 0-0 6. Nf3 c5 7. dxc5 Qa5 8. Nd2 dxc4 9. Bxc4 Qxc5 10. Rc1 Nc6 11. Nb5 Qf5 12. 0-0 Nh5 13. Bc7 Bxb2 14. Rb1 Be5 15. Nf3 Bxc7 16. Nxc7 Rb8 17. Bb5 Rd8 18. Qa4 Qd7 19. Nd5 Qxd5 20. Bxc6 Bd7 21. Bxd7 Qxd7 22. Qxa7 Ra8 23. Qxb7 Rxa2 24. Ne5 Qe6 25. Nc6 Re8 26. Rb5 Kf8 27. Nd4 Qc4 28. Qe4 Rc8 29. g4 Nf6 30. Qe5 Qc7 31. Qg5 Ne4 32. Qh4 Kg8 33. Nf3 Qc6 34. Rb4 Nc3 35. e4 Nxe4 36. Rxe4 Qxe4 37. Ng5 1-0

[Event "Moscow op 03rd"]
[Site "Moscow"]
[Date "2007.01.27"]
[Round "1"]
[White "Pustov, Pavel"]
[Black "Elfert, Aleksandr V"]
[Result "1-0"]
[WhiteElo "2407"]
[BlackElo "2114"]
[PlyCount "79"]
[EventDate "2007.01.27"]
[EventType "swiss"]
[EventRounds "9"]
[EventCountry "RUS"]
[SourceTitle "CBM 116 Extra"]
[Source "ChessBase"]
[SourceDate "2007.03.07"]
[SourceVersion "1"]
[SourceVersionDate "2007.03.07"]
[SourceQuality "1"]

1. Nf3 Nf6 2. c4 d5 3. cxd5 Qxd5 4. Nc3 Qa5 5. d4 e6 6. g3 Be7 7. Bg2 0-0 8. Bd2 Nbd7 9. 0-0 Qh5 10. h3 h6 11. e4 g5 12. Nh2 e5 13. Qxh5 Nxh5 14. Ng4 exd4 15. Nb5 c6 16. Nxd4 Bf6 17. Nxh6+ Kh7 18. Nhf5 Ne5 19. Bc3 Be6 20. Nxe6 fxe6 21. Nd6 b5 22. Rad1 a5 23. f4 gxf4 24. gxf4 Ng6 25. e5 Bh4 26. Bxc6 Ngxf4 27. Bxa8 Rxa8 28. Ne4 Rg8+ 29. Kh1 Ne2 30. Rd7+ Kh8 31. Be1 Bxe1 32. Rxe1 Neg3+ 33. Nxg3 Nxg3+ 34. Kh2 Nf5 35. Red1 Ne3 36. Re1 Rg2+ 37. Kh1 Rg3 38. Rd3 Rxh3+ 39. Kg1 Nc2 40. Rxh3+ 1-0

[Event "Moscow RGSU-A"]
[Site "Moscow"]
[Date "2006.11.13"]
[Round "8"]
[White "Pustov, Pavel"]
[Black "Krapivin, Alexander"]
[Result "1/2-1/2"]
[WhiteElo "2407"]
[BlackElo "2459"]
[PlyCount "85"]
[EventDate "2006.11.06"]
[EventType "tourn"]
[EventRounds "13"]
[EventCountry "RUS"]
[EventCategory "8"]
[SourceTitle "CBM 115 Extra"]
[Source "ChessBase"]
[SourceDate "2007.01.10"]
[SourceVersion "1"]
[SourceVersionDate "2007.01.10"]
[SourceQuality "1"]

1. e4 c5 2. c3 Nf6 3. e5 Nd5 4. d4 cxd4 5. cxd4 e6 6. Nf3 Nc6 7. Bc4 Nb6 8. Bb5 Be7 9. 0-0 0-0 10. Nc3 d6 11. Qe2 Nd5 12. Ne4 dxe5 13. dxe5 Bd7 14. Bd3 h6 15. Ng3 Qb6 16. Bxh6 Ncb4 17. Bb1 f5 18. exf6 Nxf6 19. Be3 Qb5 20. Qd1 Rad8 21. a3 Bc6 22. Nd4 Qd5 23. Nxc6 Qxc6 24. Qe2 Nbd5 25. Ba2 Nxe3 26. Qxe3 Nd5 27. Bxd5 Rxd5 28. Rae1 Bf6 29. Re2 Bd4 30. Qe4 Rd6 31. Qg4 e5 32. Nf5 Qd7 33. Nh6+ Kh7 34. Qxd7 Rxd7 35. Ng4 Rc8 36. g3 Rd5 37. Rd1 Rb5 38. Rdd2 Rc1+ 39. Kg2 Rb1 40. f4 R1xb2 41. fxe5 Rxd2 42. Rxd2 Bxe5 43. Nxe5 1/2-1/2

[Event "RUS-ch U20"]
[Site "Essentuki"]
[Date "2003.03.10"]
[Round "8"]
[White "Danin, Alexandre"]
[Black "Pustov, Pavel"]
[Result "1-0"]
[WhiteElo "2335"]
[BlackElo "2353"]
[PlyCount "107"]
[EventDate "2003.03.02"]
[EventType "swiss"]
[EventRounds "11"]
[EventCountry "RUS"]
[SourceTitle "CBM 093 Extra"]
[Source "ChessBase"]
[SourceDate "2003.05.09"]
[SourceVersion "1"]
[SourceVersionDate "2003.05.09"]
[SourceQuality "1"]

1. e4 Nf6 2. Nc3 d5 3. e5 Nfd7 4. d4 e6 5. f4 c5 6. Nf3 a6 7. Ne2 Nc6 8. c3 b5 9. Be3 c4 10. g3 b4 11. Bh3 Nb6 12. 0-0 Bd7 13. Qb1 bxc3 14. bxc3 g6 15. g4 Na4 16. Qc2 Qa5 17. Ng5 Bh6 18. Kh1 Bxg5 19. fxg5 Na7 20. Bc1 Nb5 21. Rf3 Ke7 22. Bg2 Ra7 23. h4 Rb8 24. h5 Be8 25. Qd2 Kd7 26. Qf4 Qd8 27. Bd2 Rab7 28. Raf1 Kc8 29. Bc1 Qe7 30. Qd2 Na3 31. Qd1 Nb2 32. Qd2 Nd3 33. Rf6 Nxc1 34. Qxc1 Rb2 35. Qe3 R8b5 36. Nf4 Rxa2 37. hxg6 hxg6 38. Qh3 Nc2 39. Rf2 Ra1+ 40. Kh2 Ne1 41. Qh8 Nxg2 42. Nxg6 fxg6 43. Rf7 Qd8 44. Rf8 Rbb1 45. Qg8 Rh1+ 46. Kg3 Kc7 47. Rxe8 Rag1 48. Rxd8 Ne1+ 49. Kf4 Nd3+ 50. Ke3 Nxf2 51. Rc8+ Kb7 52. Rb8+ Ka7 53. Ra8+ Kb6 54. Qxe6+ 1-0

[Event "RUS-ch U20"]
[Site "Essentuki"]
[Date "2003.03.08"]
[Round "6"]
[White "Kosintseva, Tatiana"]
[Black "Pustov, Pavel"]
[Result "1/2-1/2"]
[WhiteElo "2457"]
[BlackElo "2353"]
[PlyCount "106"]
[EventDate "2003.03.02"]
[EventType "swiss"]
[EventRounds "11"]
[EventCountry "RUS"]
[SourceTitle "CBM 093 Extra"]
[Source "ChessBase"]
[SourceDate "2003.05.09"]
[SourceVersion "1"]
[SourceVersionDate "2003.05.09"]
[SourceQuality "1"]

1. e4 Nf6 2. e5 Nd5 3. d4 d6 4. c4 Nb6 5. exd6 exd6 6. Nc3 Be7 7. h3 0-0 8. Nf3 Bf5 9. Be2 Re8 10. 0-0 Bf6 11. Be3 h6 12. Rc1 Bg6 13. b4 Nc6 14. c5 dxc5 15. dxc5 Bxc3 16. Qxd8 Rexd8 17. cxb6 Bxb4 18. bxc7 Rdc8 19. Bf4 Ba5 20. Ba6 Bxc7 21. Bxb7 Bxf4 22. Bxa8 Bxc1 23. Rxc1 Rxa8 24. Rxc6 a5 25. Ne5 Bf5 26. Rc5 Be6 27. a3 a4 28. Nc6 Kf8 29. Nd4 Ba2 30. Rb5 Rc8 31. Rb4 Rc4 32. Rxc4 Bxc4 33. f4 g5 34. g3 gxf4 35. gxf4 h5 36. Kf2 Ke7 37. Kg3 Kd6 38. Nf5+ Kc5 39. Kh4 Be6 40. Ng3 Kc4 41. f5 Bd5 42. Nxh5 Kb3 43. Nf6 Bc6 44. Kg3 Kxa3 45. h4 Kb4 46. h5 a3 47. h6 a2 48. h7 a1Q 49. h8Q Qg1+ 50. Kf4 Qf2+ 51. Kg5 Qe3+ 52. Kh4 Qf2+ 53. Kg5 Qe3+ 1/2-1/2

[Event "RUS-ch U20"]
[Site "Essentuki"]
[Date "2003.03.04"]
[Round "3"]
[White "Markarov, Arsen"]
[Black "Pustov, Pavel"]
[Result "1/2-1/2"]
[WhiteElo "2319"]
[BlackElo "2353"]
[PlyCount "39"]
[EventDate "2003.03.02"]
[EventType "swiss"]
[EventRounds "11"]
[EventCountry "RUS"]
[SourceTitle "CBM 093 Extra"]
[Source "ChessBase"]
[SourceDate "2003.05.09"]
[SourceVersion "1"]
[SourceVersionDate "2003.05.09"]
[SourceQuality "1"]

1. e4 Nf6 2. e5 Nd5 3. d4 d6 4. c4 Nb6 5. exd6 exd6 6. Nc3 Be7 7. Bd3 Nc6 8. Be3 Bf6 9. Be2 0-0 10. Nf3 Bf5 11. 0-0 Re8 12. b3 a6 13. Rc1 d5 14. c5 Nc8 15. b4 N8e7 16. Qb3 a5 17. Nd2 Bg6 18. Nf3 Be4 19. Nd2 Bg6 20. Nf3 1/2-1/2